Statistics for World War II Movies

Click here to take the quiz!

General Stats

  • This quiz has been taken 399 times
  • The average score is 2 of 10

Answer Stats

Year Movie % Correct
1998Saving Private Ryan
95%
2001Pearl Harbor
31%
1993Schindler's List
29%
1998The Thin Red Line
24%
2002The Pianist
13%
2008Valkyrie
7%
2009Inglourious Basterds
5%
1997Life is Beautiful
5%
1996The English Patient
4%
2000U-571
4%

Score Distribution

Percentile by Number Answered

Percent of People with Each Score

Your Score History

You have not taken this quiz